000 00531nam a2200181Ia 4500
001 3356
005 20260306145637.0
008 260306t2000||||xx |||||||||||||| ||spa||
041 _aESP
082 _a270
_bP77
100 _aPontificia Commissio pro America Latina
_eAUT
245 0 _aLos últimos cien años de la evangelización en América Latina:
_bcentenario del Concilio Plenario de América Latina
260 _c2000
300 _a1548 páginas :
_c25 cm.
650 _aGEN
654 _aCHU
942 _cLIB
_dJUS
_fJUS
_2ddc
_n
999 _c3356
_d3356